00746 2200241 4500001002100000005001500021035002500036245017400061260004200235300002500277008004100302082001200343084001400355100001700369650002500386700002400411040001700435090001600452850001200468041000800480990000800488990000800496YOGYA00000000004814820180917043251 a0010-0814000000478661 aThe new improved standard dictionary :ba completely new dictionary of the living language designed on the most modern lines /cedited by J.M Parrish, John R. Crossoland3 aLondon :bThe Literary Glassow,c1944 a312 halaman ;c16 cm180917 g 0 eng 04223a423 a423 PAR i1 aParrish, J.M 4aKamus Bahasa Inggris1 aCrossoland, John R. aYOPDYOGbind aL 423 PAR i aYOPDYOG0 aeng a692 a692